| 000 | 00707nam a2200253Ia 4500 | ||
|---|---|---|---|
| 003 | OSt | ||
| 005 | 20220926013830.0 | ||
| 006 | a|||||r|||| 00| 0 | ||
| 007 | ta | ||
| 008 | 220923b |||||||| |||| 00| 0 eng d | ||
| 037 | _cGeneral Book | ||
| 040 |
_aRTL _cRTL _beng |
||
| 041 |
_2eng _aeng |
||
| 082 | _aU25, M7;N6 | ||
| 100 |
_aStowe Keith _9319126 |
||
| 245 | 0 | _aExploring ocean science | |
| 250 | _a2nd | ||
| 260 |
_aNew York _bJohn Wiley U S A _c1996 |
||
| 300 |
_axv,426p. Glossary p. 399-413 _ccm. |
||
| 500 | _aPublished previously as essentials of Ocean Science | ||
| 650 | _aOceanography | ||
| 942 |
_hU25, M7;N6 _cGB _2CC |
||
| 999 |
_c626981 _d626981 |
||